Nociones básicas contabilidad (Registro nro. 83)

Detalles MARC
000 -LEADER
fixed length control field 00909 a2200229 4500
001 - CONTROL NUMBER
control field 108
005 - DATE AND TIME OF LATEST TRANSACTION
control field 20260407155410.0
008 - FIXED-LENGTH DATA ELEMENTS--GENERAL INFORMATION
fixed length control field 260407a2003 arg spa d
003 - CONTROL NUMBER IDENTIFIER
control field AR-UNSa-BCEJYS
040 ## - CATALOGING SOURCE
Original cataloging agency AR-UNSa-BCEJYS
Language of cataloging spa
Transcribing agency AR-UNSa-BCEJYS
080 ## - UNIVERSAL DECIMAL CLASSIFICATION NUMBER
Universal Decimal Classification number 657
Common auxiliary subdivision Contabilidad
020 ## - INTERNATIONAL STANDARD BOOK NUMBER
International Standard Book Number 978-987-1046-12-6
100 1# - MAIN ENTRY--PERSONAL NAME
Personal name Cepeda, Nelson
245 10 - TITLE STATEMENT
Title Nociones básicas contabilidad
Name of part/section of a work con Microsoft Excel
264 #1 - PRODUCTION, PUBLICATION, DISTRIBUTION, MANUFACTURE, AND COPYRIGHT NOTICE
Place of production, publication, distribution, manufacture Buenos Aires :
Name of producer, publisher, distributor, manufacturer Omicron System
Date of production, publication, distribution, manufacture, or copyright notice 2003
300 ## - PHYSICAL DESCRIPTION
Extent 149 p.
Dimensions 21 cm
505 ## - FORMATTED CONTENTS NOTE
Formatted contents note 1. Conceptos generales de contabilidad - 2. Sistema de información contable - 3. Estados contables - 4. Análisis e interpretación de estados contables - 5. Del balance al presupuesto
590 ## - LOCAL NOTE (RLIN)
Local note niveau_biblio:m niveau_hierar:0
700 1# - ADDED ENTRY--PERSONAL NAME
Personal name Bresciani, Anita
856 41 - ELECTRONIC LOCATION AND ACCESS
Uniform Resource Identifier <a href="https://biblioeco.unsa.edu.ar/pmb/images/libros/Contabilidad con Excel2-l117376.jpg">https://biblioeco.unsa.edu.ar/pmb/images/libros/Contabilidad con Excel2-l117376.jpg</a>
Link text Imagen de portada
Electronic format type image/jpeg
942 ## - ADDED ENTRY ELEMENTS (KOHA)
Koha item type
Existencias
Withdrawn status Lost status Damaged status Not for loan Home library Current library Shelving location Date acquired Total checkouts Full call number Barcode Date last seen Price effective from Koha item type
        Biblioteca Prof. Eusebio Cleto del Rey Biblioteca Prof. Eusebio Cleto del Rey   07/04/2026   657 C399 L117376 07/04/2026 07/04/2026 Libro